Statistics for Most Common Foreign Languages in the United States

Click here to take the quiz!

General Stats

  • This quiz has been taken 233 times
  • The average score is 7 of 10

Answer Stats

LearnersLanguage% Correct
1.4 milFrench
99%
7.2 milSpanish
99%
481,719German
91%
92,250Italian
82%
139,585Japanese
79%
120,915Mandarin
79%
34,351Russian
78%
12,917Greek
51%
12,551Hebrew
38%
136,343Latin
37%

Score Distribution

Percentile by Number Answered

Percent of People with Each Score

Your Score History

You have not taken this quiz